[Event "AUT-ch Vor3 Internet"]
[Site "Playchess.com INT"]
[Date "2020.04.17"]
[Round "9"]
[White "Dreher, David"]
[Black "Kwech, Andreas"]
[Result "1-0"]
[WhiteElo "1888"]
[BlackElo "1901"]
[PlyCount "125"]
[EventDate "2020.04.17"]
[EventType "swiss (blitz)"]
[EventRounds "9"]
[EventCountry "AUT"]
[SourceTitle "CBM 195 Extra"]
[Source "ChessBase"]
[SourceDate "2020.05.31"]
[SourceVersion "1"]
[SourceVersionDate "2020.05.31"]
[SourceQuality "1"]

1. d4 Nf6 2. Bf4 g6 3. Nc3 Bg7 4. e4 d6 5. Qd2 c6 6. Bh6 Bxh6 7. Qxh6 Qa5 8. f3 Qh5 9. Qe3 Nbd7 10. 0-0-0 Nb6 11. Kb1 Bd7 12. Nge2 Qa5 13. Nf4 Na4 14. Nxa4 Qxa4 15. e5 dxe5 16. dxe5 Bf5 17. Bd3 Bxd3 18. Rxd3 Nd5 19. Nxd5 cxd5 20. e6 0-0 21. exf7+ Rxf7 22. Rhd1 Rc8 23. R3d2 Qh4 24. Rxd5 Qxh2 25. R5d2 Qc7 26. a3 b6 27. Qb3 Kg7 28. Qd3 e5 29. Re2 Re8 30. Rde1 Rfe7 31. g4 Qc5 32. f4 exf4 33. Rxe7+ Rxe7 34. Rf1 Qe3 35. Qd6 h6 36. Rxf4 Qe1+ 37. Ka2 Qe6+ 38. Qxe6 Rxe6 39. b4 g5 40. Rd4 Kg6 41. Kb3 h5 42. gxh5+ Kxh5 43. Rd7 a5 44. bxa5 bxa5 45. Rd5 Ra6 46. c4 Kh4 47. c5 g4 48. Rd6 Ra7 49. c6 Rc7 50. Kc4 g3 51. Kb5 Kh5 52. Rd1 Kg4 53. Kb6 Rh7 54. c7 Rh6+ 55. Kb7 Rh7 56. Kc6 Rh6+ 57. Rd6 Rh8 58. Rd8 Rh6+ 59. Kb7 Rh7 60. Kb6 Rh6+ 61. Kxa5 Rc6 62. c8Q+ Rxc8 63. Rxc8 1-0

[Event "AUT-ch Vor3 Internet"]
[Site "Playchess.com INT"]
[Date "2020.04.17"]
[Round "7"]
[White "Kwech, Andreas"]
[Black "Hechl, Gerald"]
[Result "1/2-1/2"]
[WhiteElo "1901"]
[BlackElo "2333"]
[PlyCount "114"]
[EventDate "2020.04.17"]
[EventType "swiss (blitz)"]
[EventRounds "9"]
[EventCountry "AUT"]
[SourceTitle "CBM 195 Extra"]
[Source "ChessBase"]
[SourceDate "2020.05.31"]
[SourceVersion "1"]
[SourceVersionDate "2020.05.31"]
[SourceQuality "1"]

1. e4 d6 2. d4 Nf6 3. Nc3 Nbd7 4. f4 e5 5. dxe5 dxe5 6. Nf3 Bb4 7. Bd2 exf4 8. Bd3 0-0 9. 0-0 Bc5+ 10. Kh1 Ng4 11. Qe2 Be3 12. Nd5 Bxd2 13. Qxd2 c6 14. Nxf4 Nge5 15. Rad1 Qb6 16. b3 a5 17. Qc3 Qb4 18. Qb2 f6 19. a3 Qb6 20. Qc3 Kh8 21. h3 Re8 22. Nd4 Nxd3 23. cxd3 Ne5 24. Nf3 a4 25. b4 Qe3 26. Nxe5 fxe5 27. Nh5 Bd7 28. Qd2 Qxd2 29. Rxd2 Rf8 30. Rdf2 Kg8 31. g4 Rxf2 32. Rxf2 Rf8 33. Rxf8+ Kxf8 34. Ng3 g6 35. Kg2 Be6 36. Kf2 Bb3 37. Ke3 Ke7 38. d4 Ke6 39. Ne2 Bc4 40. Ng3 b6 41. g5 Bb3 42. Ne2 Bd1 43. Nc3 Bb3 44. Ne2 Bc4 45. Nc3 Bb3 46. h4 exd4+ 47. Kxd4 Bc2 48. Ne2 Kd6 49. Nc3 Ke6 50. Ne2 Bd1 51. Nf4+ Kd6 52. e5+ Ke7 53. Nd3 Bg4 54. Nf2 Bf5 55. Nd1 Ke6 56. Ne3 Bh3 57. Nc4 b5 1/2-1/2

[Event "AUT-ch Vor3 Internet"]
[Site "Playchess.com INT"]
[Date "2020.04.17"]
[Round "2"]
[White "Teuschler, Hugo"]
[Black "Kwech, Andreas"]
[Result "0-1"]
[WhiteElo "2055"]
[BlackElo "1901"]
[PlyCount "62"]
[EventDate "2020.04.17"]
[EventType "swiss (blitz)"]
[EventRounds "9"]
[EventCountry "AUT"]
[SourceTitle "CBM 195 Extra"]
[Source "ChessBase"]
[SourceDate "2020.05.31"]
[SourceVersion "1"]
[SourceVersionDate "2020.05.31"]
[SourceQuality "1"]

1. e4 c5 2. Nf3 d6 3. d4 cxd4 4. Nxd4 Nf6 5. Nc3 g6 6. Be3 Bg7 7. f3 0-0 8. Qd2 Nc6 9. Bc4 Nd7 10. 0-0-0 Nb6 11. Bb3 Na5 12. Kb1 Nbc4 13. Qe2 Nxe3 14. Qxe3 Nxb3 15. cxb3 Bd7 16. h4 a5 17. h5 a4 18. hxg6 hxg6 19. b4 a3 20. b3 e6 21. Ndb5 Bxb5 22. Nxb5 Qf6 23. Qd4 Qg5 24. Qd3 Qe5 25. Nd4 Rac8 26. g3 Rc5 27. f4 Qf6 28. e5 dxe5 29. fxe5 Rxe5 30. Rhf1 Rf5 31. Rxf5 exf5 0-1

[Event "AUT-ch Vor2 Internet"]
[Site "Playchess.com INT"]
[Date "2020.04.13"]
[Round "2"]
[White "Kainz, Josef"]
[Black "Kwech, Andreas"]
[Result "1-0"]
[WhiteElo "2005"]
[BlackElo "1901"]
[PlyCount "139"]
[EventDate "2020.04.13"]
[EventType "swiss (blitz)"]
[EventRounds "9"]
[EventCountry "AUT"]
[SourceTitle "CBM 195 Extra"]
[Source "ChessBase"]
[SourceDate "2020.05.31"]
[SourceVersion "1"]
[SourceVersionDate "2020.05.31"]
[SourceQuality "1"]

1. d4 Nf6 2. c4 e5 3. dxe5 Ne4 4. a3 d6 5. Nf3 Nc6 6. Bf4 Bg4 7. Nbd2 dxe5 8. Nxe5 Nxe5 9. Bxe5 Nxd2 10. Qxd2 Qxd2+ 11. Kxd2 0-0-0+ 12. Ke1 f6 13. Bc3 Bd6 14. e3 Rhe8 15. Be2 Bf5 16. g4 Be4 17. f3 Bc6 18. Bd4 b6 19. Kf2 Bb7 20. Rad1 Re7 21. Bd3 h6 22. Bf5+ Kb8 23. h4 Rde8 24. Rhe1 Bc8 25. Bg6 Rd8 26. b4 c6 27. c5 Bc7 28. cxb6 axb6 29. Be4 Bb7 30. Bc3 Rxd1 31. Rxd1 c5 32. bxc5 Bxe4 33. fxe4 Rxe4 34. Kf3 Re7 35. cxb6 Bxb6 36. Rb1 Ka7 37. Bd4 Bxd4 38. exd4 Ka6 39. Kf4 g6 40. g5 fxg5+ 41. hxg5 h5 42. Rc1 Kb5 43. Rc5+ Kb6 44. Re5 Rf7+ 45. Ke4 Rg7 46. d5 Kc5 47. Re6 h4 48. Rc6+ Kb5 49. Rc3 Rh7 50. Rh3 Kc5 51. Ke5 Re7+ 52. Kf6 Ra7 53. Kxg6 Kxd5 54. Rxh4 Rxa3 55. Rf4 Ke5 56. Rf5+ Ke6 57. Rf6+ Ke7 58. Kg7 Rg3 59. g6 Rg4 60. Rf7+ Ke8 61. Rf8+ Ke7 62. Ra8 Rg3 63. Ra1 Rg4 64. Re1+ Kd7 65. Kf7 Rf4+ 66. Kg8 Rg4 67. g7 Rg3 68. Re5 Rg4 69. Kf7 Rf4+ 70. Kg6 1-0

[Event "AUT-ch Vor2 Internet"]
[Site "Playchess.com INT"]
[Date "2020.04.13"]
[Round "5"]
[White "Kessler, Manuel"]
[Black "Kwech, Andreas"]
[Result "1/2-1/2"]
[WhiteElo "1731"]
[BlackElo "1901"]
[PlyCount "149"]
[EventDate "2020.04.13"]
[EventType "swiss (blitz)"]
[EventRounds "9"]
[EventCountry "AUT"]
[SourceTitle "CBM 195 Extra"]
[Source "ChessBase"]
[SourceDate "2020.05.31"]
[SourceVersion "1"]
[SourceVersionDate "2020.05.31"]
[SourceQuality "1"]

1. d4 Nf6 2. c4 e5 3. dxe5 Ne4 4. Nc3 Nxc3 5. bxc3 d6 6. exd6 Bxd6 7. Nf3 Qe7 8. Bg5 f6 9. Bh4 0-0 10. e3 Be6 11. Bg3 Bxg3 12. hxg3 Rd8 13. Qc2 g6 14. Nd4 Bf7 15. Bd3 c5 16. Nf3 Nc6 17. 0-0 Rd7 18. Be4 Ne5 19. Rfd1 Rad8 20. Nxe5 Qxe5 21. Bf3 Bxc4 22. Rxd7 Rxd7 23. Qa4 b5 24. Qa6 Qd6 25. Qc8+ Rd8 26. Qg4 Kg7 27. a4 Be6 28. Qe4 b4 29. cxb4 cxb4 30. Rd1 Qxd1+ 31. Bxd1 Rxd1+ 32. Kh2 Kf7 33. Qxb4 Rd7 34. Qh4 Kg7 35. Qb4 Kf7 36. a5 h5 37. a6 Kg7 38. Qb7 Kf7 39. Qc6 Ke7 40. f3 Kf7 41. e4 Ke7 42. f4 Kf7 43. Kg1 Ke7 44. Kf2 Kf7 45. Kf3 Bg4+ 46. Ke3 Be6 47. Qc5 Kg7 48. e5 Kf7 49. exf6 Kxf6 50. Qg5+ Kf7 51. Ke4 Bf5+ 52. Ke5 Re7+ 53. Kd6 Re6+ 54. Kd7 Rxa6+ 55. Kc7 Re6 56. Qh6 Re7+ 57. Kd6 Re6+ 58. Kc7 Re7+ 59. Kc6 Re6+ 60. Kb5 Re7 61. Qh7+ Ke8 62. Qg8+ Kd7 63. Qd5+ Ke8 64. Qa8+ Kf7 65. Qd5+ Ke8 66. Qa8+ Kf7 67. Qh8 Ke6 68. Kc6 Be4+ 69. Kc5 Bf5 70. Kc6 Be4+ 71. Kc5 Bf5 72. Qg8+ Kd7 73. Qd5+ Ke8 74. Qa8+ Kf7 75. Qd5+ 1/2-1/2

[Event "AUT-ch Vor1 Internet"]
[Site "Playchess.com INT"]
[Date "2020.04.11"]
[Round "7"]
[White "Hofer, Maximilian"]
[Black "Kwech, Andreas"]
[Result "0-1"]
[WhiteElo "2108"]
[BlackElo "1901"]
[PlyCount "146"]
[EventDate "2020.04.11"]
[EventType "swiss (blitz)"]
[EventRounds "9"]
[EventCountry "AUT"]
[SourceTitle "CBM 195 Extra"]
[Source "ChessBase"]
[SourceDate "2020.05.31"]
[SourceVersion "1"]
[SourceVersionDate "2020.05.31"]
[SourceQuality "1"]

1. e4 c5 2. Nf3 d6 3. d4 cxd4 4. Nxd4 Nf6 5. Nc3 g6 6. Be3 Bg7 7. f3 0-0 8. Qd2 Nc6 9. Bc4 Nd7 10. 0-0-0 Nb6 11. Bb3 Na5 12. Kb1 Nbc4 13. Qf2 Nxe3 14. Qxe3 Nxb3 15. Nxb3 Be6 16. g4 Rc8 17. Nd4 Bd7 18. h4 e6 19. h5 Qb6 20. hxg6 hxg6 21. Qd2 Rfd8 22. Nce2 a5 23. f4 a4 24. a3 Rc4 25. c3 Rdc8 26. f5 exf5 27. gxf5 d5 28. exd5 Bxf5+ 29. Ka1 Be4 30. Rh4 Bxd5 31. Rh2 R4c7 32. Qg5 Bc4 33. Qg4 Re8 34. Qh4 Rce7 35. Qh7+ Kf8 36. Rdh1 Bxe2 37. Nxe2 Rxe2 38. Qh4 Rxh2 39. Qxh2 Qe6 40. Qd2 Qe4 41. Rd1 Qe7 42. Qc2 Bf6 43. Qxa4 Kg7 44. Qc2 Rd8 45. Rh1 Qd6 46. Qc1 b5 47. Qh6+ Kg8 48. Qh7+ Kf8 49. Qh6+ Bg7 50. Qc1 Ra8 51. Kb1 Qd3+ 52. Ka2 Qc4+ 53. Kb1 Qe4+ 54. Ka2 f5 55. Re1 Qc4+ 56. Kb1 Rd8 57. Qe3 Qd3+ 58. Qxd3 Rxd3 59. Rc1 f4 60. Rf1 g5 61. Rg1 Bf6 62. Kc2 Re3 63. Kd2 Ke7 64. b3 Kd6 65. c4 bxc4 66. bxc4 Rxa3 67. Ke2 Re3+ 68. Kf2 Kc5 69. Rc1 Rc3 70. Rd1 Bd4+ 71. Kg2 g4 72. Rf1 Rc2+ 73. Kh1 g3 0-1

[Event "AUT-ch Vor1 Internet"]
[Site "Playchess.com INT"]
[Date "2020.04.11"]
[Round "2"]
[White "Kwech, Andreas"]
[Black "Froewis, Georg"]
[Result "0-1"]
[WhiteElo "1901"]
[BlackElo "2457"]
[PlyCount "64"]
[EventDate "2020.04.11"]
[EventType "swiss (blitz)"]
[EventRounds "9"]
[EventCountry "AUT"]
[SourceTitle "CBM 195 Extra"]
[Source "ChessBase"]
[SourceDate "2020.05.31"]
[SourceVersion "1"]
[SourceVersionDate "2020.05.31"]
[SourceQuality "1"]

1. e4 d5 2. exd5 Qxd5 3. Nc3 Qd6 4. d4 Nf6 5. Nf3 Nc6 6. Be3 Bg4 7. Be2 e6 8. h3 Bh5 9. Qd2 0-0-0 10. 0-0-0 Qb4 11. a3 Qa5 12. Na2 Qxd2+ 13. Rxd2 Be7 14. Nc3 h6 15. Rhd1 a6 16. Ne5 Bxe2 17. Rxe2 Nxe5 18. dxe5 Rxd1+ 19. Kxd1 Nd7 20. f4 Rd8 21. Rd2 g5 22. g3 Rg8 23. Ne4 gxf4 24. gxf4 f5 25. exf6 Nxf6 26. Nxf6 Bxf6 27. c3 Rg3 28. Ke2 Rxh3 29. Kd3 e5 30. Ke4 exf4 31. Bxf4 Rh4 32. Kf5 Rxf4+ 0-1